[Event "POL-ch Rapid U18"]
[Site "Bydgoszcz"]
[Date "2023.08.29"]
[Round "4"]
[White "Zajadlak, Milosz"]
[Black "Gorgolewski, Igor"]
[Result "1-0"]
[WhiteElo "1557"]
[BlackElo "1225"]
[PlyCount "57"]
[EventDate "2023.08.28"]
[EventType "swiss"]
[EventRounds "11"]
[EventCountry "POL"]
[SourceTitle "EXT 2024"]
[Source "ChessBase"]
[SourceDate "2023.10.10"]
[SourceVersion "1"]
[SourceVersionDate "2023.10.10"]
[SourceQuality "1"]

1. e4 c5 2. Nf3 Nc6 3. d4 cxd4 4. Nxd4 d6 5. Nc3 Bd7 6. Bc4 a6 7. Be3 e6 8. Qd2 b5 9. Bb3 Nf6 10. f3 Na5 11. 0-0-0 Nxb3+ 12. axb3 b4 13. Nce2 a5 14. g4 e5 15. Nf5 Bxf5 16. exf5 d5 17. g5 d4 18. Bxd4 Nd7 19. Bf2 a4 20. bxa4 Rxa4 21. Qd5 Qxg5+ 22. Kb1 Qd8 23. Qc6 Ra7 24. Bxa7 Be7 25. Bb6 Qxb6 26. Qxd7+ Kf8 27. Qc8+ Qd8 28. Rxd8+ Bxd8 29. Qxd8# 1-0

[Event "POL-ch U10"]
[Site "Sielpia"]
[Date "2023.03.06"]
[Round "4"]
[White "Owczarek, Maciej"]
[Black "Zajadlak, Milosz"]
[Result "1-0"]
[WhiteElo "1030"]
[BlackElo "1358"]
[PlyCount "159"]
[EventDate "2023.03.04"]
[EventType "swiss"]
[EventRounds "9"]
[EventCountry "POL"]
[SourceTitle "EXT 2024"]
[Source "ChessBase"]
[SourceDate "2023.10.10"]
[SourceVersion "1"]
[SourceVersionDate "2023.10.10"]
[SourceQuality "1"]
[WhiteTeam "Poland"]
[BlackTeam "Poland"]
[WhiteTeamCountry "POL"]
[BlackTeamCountry "POL"]

1. e4 e5 2. Nf3 Nc6 3. Bc4 Nf6 4. Ng5 d5 5. exd5 Na5 6. Bb5+ c6 7. dxc6 bxc6 8. Bd3 Ng4 9. Nf3 Bd6 10. h3 Nf6 11. Qe2 0-0 12. 0-0 Re8 13. Be4 Nh5 14. Nh2 Nf4 15. Qe1 f5 16. Bf3 e4 17. Be2 Qg5 18. g3 Nxh3+ 19. Kh1 f4 20. d3 Qd5 21. Nc3 Qd4 22. Nxe4 Be6 23. Qxa5 Bd5 24. Qc3 Bxe4+ 25. dxe4 Nxf2+ 26. Kg2 Qxe4+ 27. Bf3 Qg6 28. Bxf4 Bxf4 29. Qc4+ Kh8 30. Qxf4 Ne4 31. Bxe4 Qxe4+ 32. Qxe4 Rxe4 33. Rfe1 Rae8 34. Rxe4 Rxe4 35. Kf3 Re7 36. Rd1 Rf7+ 37. Kg2 h6 38. Rd6 Rc7 39. Nf3 c5 40. c4 Kg8 41. Rd5 Rc6 42. Rd7 Ra6 43. a3 Rb6 44. Rd2 Kf7 45. Ne5+ Ke8 46. Nd7 Rc6 47. Rd5 Re6 48. Kf2 Re7 49. Nxc5 Rf7+ 50. Ke3 Re7+ 51. Kd4 Rf7 52. Re5+ Kf8 53. Re4 Kg8 54. b4 Rf3 55. Re3 Rf1 56. Ne4 g5 57. c5 Rc1 58. Rd3 Kf7 59. Kd5 Ke7 60. Kc6 Rc4 61. Nd6 Rc2 62. Kb7 Kd7 63. Rd4 Rc1 64. Rc4 Re1 65. c6+ Kxd6 66. c7 Re7 67. Kb8 h5 68. c8Q h4 69. Rd4+ Ke5 70. Qc5+ Ke6 71. Qxe7+ Kxe7 72. gxh4 Ke8 73. hxg5 Ke7 74. Rf4 Ke8 75. g6 Ke7 76. g7 Ke8 77. g8Q+ Ke7 78. Qg6 Kd8 79. Rf7 a5 80. Qg8# 1-0

[Event "POL-ch U10"]
[Site "Sielpia"]
[Date "2023.03.04"]
[Round "1"]
[White "Zajadlak, Milosz"]
[Black "Szczukiewicz, Wojciech"]
[Result "1-0"]
[WhiteElo "1358"]
[BlackElo "1021"]
[PlyCount "63"]
[EventDate "2023.03.04"]
[EventType "swiss"]
[EventRounds "9"]
[EventCountry "POL"]
[SourceTitle "EXT 2024"]
[Source "ChessBase"]
[SourceDate "2023.10.10"]
[SourceVersion "1"]
[SourceVersionDate "2023.10.10"]
[SourceQuality "1"]
[WhiteTeam "Poland"]
[BlackTeam "Poland"]
[WhiteTeamCountry "POL"]
[BlackTeamCountry "POL"]

1. e4 e5 2. Nf3 Nc6 3. Bc4 f5 4. d4 fxe4 5. Nxe5 Nxe5 6. dxe5 Bc5 7. Bxg8 Rxg8 8. Qd5 Bxf2+ 9. Kxf2 Rf8+ 10. Ke1 Qh4+ 11. g3 Qh5 12. Qxe4 c6 13. Nc3 b6 14. Nb5 Kd8 15. Nd6 Kc7 16. Bf4 g5 17. Be3 Ba6 18. Bf2 Rf3 19. h4 Raf8 20. Rh2 gxh4 21. Rxh4 Qxh4 22. gxh4 Rxf2 23. Qxh7 b5 24. Ne4 Kb6 25. Nf6 Bc8 26. Qe7 Rh8 27. Qd6 Kb7 28. h5 Rh6 29. Qf8 Rfxf6 30. exf6 d5 31. f7 Bg4 32. Qb8+ 1-0

[Event "EU-ch U08 30th"]
[Site "Antalya"]
[Date "2022.11.11"]
[Round "6"]
[White "Zajadlak, Milosz"]
[Black "Chen, George1111"]
[Result "1-0"]
[WhiteElo "1183"]
[BlackElo "1524"]
[PlyCount "109"]
[EventDate "2022.11.06"]
[EventType "swiss"]
[EventRounds "9"]
[EventCountry "TUR"]
[SourceTitle "CBM 211 Extra"]
[Source "ChessBase"]
[SourceDate "2023.01.31"]
[SourceVersion "1"]
[SourceVersionDate "2023.01.31"]
[SourceQuality "1"]

1. e4 c5 2. Nf3 Nc6 3. d4 cxd4 4. Nxd4 g6 5. Nc3 Bg7 6. Be3 Nf6 7. Bc4 Qa5 8. 0-0 0-0 9. h3 d6 10. Bb3 Bd7 11. f4 Rfc8 12. Qf3 Qb4 13. a3 Nxd4 14. axb4 Nxf3+ 15. Rxf3 Bc6 16. Nd5 Bxd5 17. exd5 a6 18. c3 b5 19. Rff1 Ne4 20. Ra3 Bf6 21. Bc2 Ng3 22. Rfa1 Ne2+ 23. Kf2 Nxc3 24. bxc3 Bxc3 25. R1a2 Bxb4 26. Rb3 a5 27. Bd3 Rab8 28. Rab2 Kf8 29. Ke2 Ke8 30. g4 Kd7 31. f5 Bc3 32. Bxb5+ Kd8 33. Rc2 gxf5 34. gxf5 h5 35. Kd3 a4 36. Bxa4 Rxb3 37. Bxb3 Ba5 38. Rxc8+ Kxc8 39. Bd1 h4 40. Bg5 f6 41. Bxh4 Kd8 42. Ba4 Bb6 43. Bg3 Bc5 44. h4 Ba3 45. Bf4 e5 46. dxe6 d5 47. h5 Bf8 48. h6 Ke7 49. Kd4 Kd8 50. Kxd5 Bxh6 51. Bxh6 Ke7 52. Bd7 Kd8 53. Kc6 Ke7 54. Bg7 Kd8 55. Bxf6# 1-0

[Event "POL-ch U08"]
[Site "Poland"]
[Date "2022.05.07"]
[Round "8"]
[White "Zajadlak, Milosz"]
[Black "Wojtun, Maksymilian"]
[Result "1/2-1/2"]
[WhiteElo "1167"]
[BlackElo "1112"]
[PlyCount "63"]
[EventDate "2022.05.04"]
[EventType "swiss"]
[EventRounds "9"]
[EventCountry "POL"]
[SourceTitle "EXT 2023"]
[Source "ChessBase"]
[SourceDate "2022.10.05"]
[SourceVersion "1"]
[SourceVersionDate "2022.10.05"]
[SourceQuality "1"]

1. e4 e5 2. Nf3 Nc6 3. Bc4 Bc5 4. b4 Nxb4 5. c3 Nc6 6. d4 exd4 7. 0-0 Nf6 8. cxd4 Bb6 9. e5 Ng4 10. h3 Nh6 11. Bxh6 gxh6 12. Qd2 d5 13. Bb5 Bd7 14. Rd1 Qe7 15. Qxh6 0-0-0 16. Nc3 Qe6 17. Qh5 Rdg8 18. Kh1 a6 19. Ba4 h6 20. Bb3 Ne7 21. Ne4 Qg6 22. Qxg6 Rxg6 23. Nf6 c6 24. Rac1 Kd8 25. Kh2 h5 26. Kh1 Ng8 27. Bc2 Rg7 28. Bb3 Rg6 29. Bc2 Rg7 30. Bb3 Rg6 31. Bc2 Rg7 32. Bb3 1/2-1/2

[Event "POL-ch U10"]
[Site "Jastrzebia Gora"]
[Date "2022.03.16"]
[Round "9"]
[White "Wasiluk, Blazej"]
[Black "Zajadlak, Milosz"]
[Result "0-1"]
[WhiteElo "1081"]
[BlackElo "1187"]
[PlyCount "68"]
[EventDate "2022.03.08"]
[EventType "swiss"]
[EventRounds "9"]
[EventCountry "POL"]
[SourceTitle "EXT 2023"]
[Source "ChessBase"]
[SourceDate "2022.10.05"]
[SourceVersion "1"]
[SourceVersionDate "2022.10.05"]
[SourceQuality "1"]

1. e4 e5 2. Nf3 Nc6 3. d4 exd4 4. Bc4 Nf6 5. 0-0 Nxe4 6. Re1 d5 7. Bxd5 Qxd5 8. Nc3 Qa5 9. Nxe4 Be6 10. Neg5 0-0-0 11. Nxe6 fxe6 12. Rxe6 Bd6 13. g3 Qh5 14. b3 Rdf8 15. Kg2 d3 16. Qxd3 Rxf3 17. Qxf3 Qxf3+ 18. Kxf3 Nd4+ 19. Kg2 Nxe6 20. Bb2 Rf8 21. Re1 Kd7 22. Rd1 Ke7 23. Re1 Bc5 24. f4 g6 25. Be5 c6 26. Rf1 Rd8 27. Bc3 Bd4 28. Bd2 Bb2 29. Be3 Bd4 30. Bd2 Nc5 31. b4 Na4 32. f5 Rf8 33. f6+ Bxf6 34. b5 c5 0-1

[Event "POL-ch U10"]
[Site "Jastrzebia Gora"]
[Date "2022.03.09"]
[Round "2"]
[White "Zajadlak, Milosz"]
[Black "Golis, Wiktor"]
[Result "0-1"]
[WhiteElo "1187"]
[BlackElo "1712"]
[PlyCount "70"]
[EventDate "2022.03.08"]
[EventType "swiss"]
[EventRounds "9"]
[EventCountry "POL"]
[SourceTitle "EXT 2023"]
[Source "ChessBase"]
[SourceDate "2022.10.05"]
[SourceVersion "1"]
[SourceVersionDate "2022.10.05"]
[SourceQuality "1"]

1. e4 c5 2. Nf3 d6 3. d4 cxd4 4. Nxd4 Nf6 5. Nc3 a6 6. Bc4 e6 7. Bb3 b5 8. 0-0 Be7 9. Qf3 Qb6 10. Be3 Qb7 11. Rad1 b4 12. Na4 Nbd7 13. c3 bxc3 14. Nxc3 Nc5 15. Qg3 Ncxe4 16. Nxe4 Qxe4 17. Rfe1 Qg4 18. Nc6 Qxg3 19. hxg3 Bb7 20. Nxe7 Kxe7 21. f4 Bd5 22. Bxd5 Nxd5 23. Bd4 Kd7 24. Kf2 Rhg8 25. Rh1 h6 26. f5 Rac8 27. Rd2 Ne7 28. f6 gxf6 29. Rxh6 e5 30. Be3 Ke6 31. Kf3 Nf5 32. Rh3 d5 33. Re2 Rc4 34. a3 Rcg4 35. Bf2 e4+ 0-1